Breve atlas anecdótico de la ciencia / (Record no. 23449)

000 -CABECERA
fixed length control field 00713nam a22001937i 4500
003 - IDENTIFICADOR DEL NÚMERO DE CONTROL
control field AR-CdUCM
008 - DATOS DE LONGITUD FIJA--INFORMACIÓN GENERAL
fixed length control field 260116b20242024 ag||||| |||| 00| 0 spa d
020 ## - NÚMERO INTERNACIONAL ESTÁNDAR DEL LIBRO
ISBN 978-987-47270-1-5
040 ## - FUENTE DE LA CATALOGACIÓN
Agencia/entidad que catalogó originalmente la obra MUNICIPALIDAD PROVINCIAL DEL CUSCO
Entidad que transcribió la catalogación BIBLIOTECA MUNICIPAL DEL CUSCO
082 ## - NÚMERO DE LA CLASIFICACIÓN DECIMAL DEWEY
No. de Clasificación ES / 912 /
Notacion interna C29
100 ## - ENTRADA PRINCIPAL--NOMBRE DE PERSONA
Nombre Personal Caballeda, Juan Manuel
245 ## - MENCIÓN DE TÍTULO
Título Breve atlas anecdótico de la ciencia /
260 ## - PUBLICACIÓN, DISTRIBUCIÓN, ETC.
Lugar de publicación, distribución, etc. Buenos Aires-Argentina :
Nombre de la editorial, distribuidor, etc. Artes Graficas del Sur-impresor
Fecha de publicación, distribución, etc. 2024
300 ## - DESCRIPCIÓN FÍSICA
Nº de Páginas Extensión 138 páginas. :
Dimensiones 20x15 cm.
505 ## - NOTA DE CONTENIDO CON FORMATO
Nota de contenido formateada Los suicidados -- Una mesa en la nieve -- Oveja oveja -- Los miasmas -- El paciente o -- Una pluma y un martillo
942 ## - ELEMENTOS DE PUNTO DE ACCESO ADICIONAL (KOHA)
Fuente de clasificación
Tipo de item Libros-BMC
945 ## - PROCESAMIENTO DE INFORMACIÓN LOCAL (OCLC)
Catalogador pbjr
AAAA-MM-DD - Fecha de ingreso o modificacion 16-01-2026
Holdings
Estado de retiro (separado) Fuente de clasificación o esquema de estanterías Estado dañado Ubicación Sala donde se ubica Nombre de la colección Fecha de adquisición o compra Fuente de adquisición Costo, precio normal en soles Signatura topográfica Código de Barras Última vez visto (Koha) Tipo de ítem (Koha)
No     Sala de Infantes Sala de Infantes Book Cart 2026-01-16 Donación 20.00 ES / 912 / C29 SI00005055 2026-01-16 Libros-BMC

Powered by Koha